| 000 | 00393cam a2200169ua 4500 | ||
|---|---|---|---|
| 020 | _cRs.7/- | ||
| 041 |
_ahin _h |
||
| 082 |
_a891.43 _bPRE/GO |
||
| 100 | _aPremchand, . | ||
| 245 |
_aGodan / _cPremchand. _hTextual Documents |
||
| 260 |
_aNew Delhi : _bSaraswathi press , _c1961. |
||
| 300 | _a216 ; . | ||
| 365 | _aRs.7/- | ||
| 504 | _a | ||
| 942 | _cBK | ||
| 999 |
_c12257 _d12257 |
||